| Tag |
First Indicator |
Second Indicator |
Subfields |
| LEADER |
00000pam a2200000 a 4500 |
| 001 |
in00000077759 |
| 005 |
20151008053836.0 |
| 008 |
810427s1981 nyuabf b 00110 eng |
| 010 |
|
|
|a 81003184
|
| 020 |
|
|
|a 0698110978 :
|c $14.95
|
| 035 |
|
|
|a (OCoLC)07552572
|
| 035 |
|
|
|9 AAH8823AM
|
| 039 |
0 |
|
|a 2
|b 3
|c 3
|d 3
|e 3
|
| 040 |
|
|
|a DLC
|c DLC
|d TXA
|d UtOrBLW
|
| 043 |
|
|
|a a-ph---
|
| 049 |
|
|
|a TXAM
|c [1560830]
|
| 050 |
0 |
0 |
|a DS685
|b .H27 1981
|
| 082 |
0 |
|
|a 959.9/03
|2 19
|
| 100 |
1 |
|
|a Hahn, Emily,
|d 1905-1997.
|
| 245 |
1 |
4 |
|a The Islands, America's imperial adventure in the Philippines /
|c by Emily Hahn.
|
| 264 |
|
1 |
|a New York,[N.Y.] :
|b Coward, McCann & Geoghegan,
|c [1981]
|
| 264 |
|
4 |
|c ©1981
|
| 300 |
|
|
|a 258 pages, 8 unnumbered pages of plates :
|b illustrations, map ;
|c 24 cm.
|
| 336 |
|
|
|a text
|b txt
|2 rdacontent
|
| 337 |
|
|
|a unmediated
|b n
|2 rdamedia
|
| 338 |
|
|
|a volume
|b nc
|2 rdacarrier
|
| 500 |
|
|
|a Includes index.
|
| 504 |
|
|
|a Bibliography: pages 247-249.
|
| 651 |
|
0 |
|a Philippines
|x History
|y 1898-1946.
|
| 999 |
|
|
|a MARS
|
| 999 |
f |
f |
|s 119eec7c-1deb-3dbb-826d-6106e56d2b70
|i e306d760-60be-3a59-b007-6660bcd98447
|t 0
|
| 952 |
f |
f |
|p noncirc
|a Texas A&M University
|b College Station
|c Cushing Memorial Library & Archives
|d Cushing: Ragan Military (Does not check out)
|t 0
|e DS685 .H27 1981
|h Library of Congress classification
|i unmediated -- volume
|
| 952 |
f |
f |
|p ric
|a Texas A&M University
|b Rellis Campus
|c Joint Library Facility
|d Remote Storage
|t 0
|e DS685 .H27 1981
|h Library of Congress classification
|i unmediated -- volume
|m A14806102027
|
| 998 |
f |
f |
|a DS685 .H27 1981
|t 0
|l Cushing: Ragan Military (Does not check out)
|
| 998 |
f |
f |
|a DS685 .H27 1981
|t 0
|l Remote Storage
|